| 000 | 00629nam a2200229 a 4500 | ||
|---|---|---|---|
| 005 | 20210219153201.0 | ||
| 008 | 991125n 000 0 eng u | ||
| 035 | _aUPN01000082709 | ||
| 100 | _aMacphee, David | ||
| 222 | _aCHILD DEVELOPMENT | ||
| 245 | _aInfusing a diversity perspective into human development courses | ||
| 300 | _a699-715 | ||
| 362 | _a1994 65, no. 2, (april) | ||
| 653 | 0 | _aDESARROLLO HUMANO | |
| 653 | 0 | _aDISCRIMINACION RACIAL | |
| 653 | 0 | _aPOBREZA | |
| 653 | 0 | _aRAZAS | |
| 700 | _aKreutzer, Jill C., coaut. | ||
| 700 | _aFritz, Janet A., coaut. | ||
| 904 |
_aAC _b020520 |
||
| 905 | _aArticulo | ||
| 999 |
_c70472 _d70472 |
||